000 00898nam a22002417a 4500
999 _c18240
_d18240
005 20181122124229.0
010 _aHIN-84769, B-201514
020 _c95.00
_a8190177109
035 _aHN-57113
035 _aB-201514
037 _bDBAD / PUB
082 _a509
100 _aअमित कुमार
245 _aविज्ञान की खोज /
_cअमित कुमार
246 _aVigyana kii Khoja
_bby Amit Kumar
260 _aदिल्ली
_bजागृति प्रकाशन
_c2008
270 _a30/64, गली नं. 8, विश्वास नगर
_bदिल्ली
_e110032
300 _a80 पृ
_c22सेमी (सजिल्द)
650 _aविज्ञान की खोज
650 _aDiscoveries in science
942 _2ddc
_cHN
_mअमित
_h509